Family Guy Characters By Catchphrase Quiz Stats

Quiz not verified by Sporcle

Challenge
Share
Tweet
Embed
Score 0/28 Timer 10:00
0 Plays Today
Catchphrase/Quote Character % Correct
Giggity, giggity, goo.Glenn Quagmire
84.2%
What the deuce!?Stewie Griffin
80.4%
Bit of breaking news, we now go live to Diane being a bitch. Diane.Tom Tucker
79.5%
Who's leg do you have to hump to get a dry martini around here?Brian Griffin
78.4%
Peter, what the hell?!Lois Griffin
75.7%
Tom, you're so deep in the closet, you're finding Christmas presents.Diane Simmons
70.5%
Freakin' sweet!Peter Griffin
69.9%
Oh, that's nasty!Cleveland Brown
68.8%
Diane, I'm standing outside the Park Barrington Hotel because they don't allow Asians inside.Tricia Takanawa
62.5%
I hate you all!Meg Griffin
62.1%
IT'S RAININ' SIDEWAYS!Ollie Williams
61.4%
LET'S DO IT!!Joe Swanson
55.8%
Get your fat ass back here.Herbert
51.4%
I love this job more than I love taffy. And I'm a man who loves his taffy.Adam West
50.9%
Catchphrase/Quote Character % Correct
No, me father was a treeSeamus
49.3%
I'm going to turn you into poo. Chris Griffin
47.5%
Peter I see you're still very very fat.Carter Pewterschmidt
46.7%
Please don't spit in my eggs, please don't spit in my eggs, please don't spit my eggs.Mort Goldman
46.7%
Holy Mother! It's the Holy Father!Francis Griffin
38%
Oh no!Bruce
34.6%
Brian, am I Jewish?Jillian
33.2%
I don't know how to tell you this...Dr. Hartman
30.1%
This is why I don't like shopping! I have no butt! I'm MINUS A BUTT!Death
28.1%
Crudely-Painted Not-So-Funny Plywood Cut Out Folk ArtAl Harrington
27.5%
Have you ever seen the movie Cruel Intentions?Carl
26.8%
Cookie?Janet
20.5%
I've quite a mastery of the humorous yarn.Buzz Killington
19.2%
It's funny 'cause it's true.Fouad
11.8%

You're not logged in!

Compare scores with friends on all Sporcle quizzes.
Join for Free
OR
Log In

You Might Also Like...

Show Comments

Extras

Top Quizzes Today


Score Distribution

Your Account Isn't Verified!

In order to create a playlist on Sporcle, you need to verify the email address you used during registration. Go to your Sporcle Settings to finish the process.

Report this User

Report this user for behavior that violates our Community Guidelines.

Details: